000 00382cam a22001337a 4500
008 180718b1961 xxu||||| |||| 00| 0 eng d
082 _aA84x71 C16
245 _aCanadian annual review for 1960
_cedited by John T. Saywell
260 _aToronto
_bUniv. of Toronto Press
_c1961
300 _a401p.
500 _a126/-
650 _aCanada - Yearbooks
700 _aSaywell, John T., ed.
999 _c361923
_d361923